00637cam a2200181 a 450000100100000000500170001000800410002702000150006804000290008308200180011210000300013024500860016026000320024630000280027850400580030660000440036465000470040800000660720240305135409.0970708s1997 sp a 001 0bspa d a8420482501 aDO-SdBNPbspacLCdBNPHU a928.61bG216S1 aSaldívar, Dasso,d1951-10aGarcía Márquez :bel viaje a la semilla : la biografía /cDasso Saldívar. aMadrid :bAlfaguara,c1997. a611 p. :bil. ;c24 cm. aReferencias bibliográficas p. [471]-541 e índice.10aGarcía Márquez, Gabriel,b1928-2014 4aAutores colombianosySIGLO XXxBiografía